Der israelitische Volkslehrer: eine Monatsschrift erbaulichen und belehrenden Inhalts
| Format: | Electronic Journal |
|---|---|
| Language: | German |
| Check availability: | HBZ Gateway |
| WorldCat: | WorldCat |
| Interlibrary Loan: | Für eine Fernleihe wählen Sie bitte zuerst einen Band oder Aufsatz aus. |
| Published: |
Frankfurt, M.
Auffahrt
1851-1860
|
| In: | Year: 1851 |
| Further subjects: | B
Journal
|
| Online Access: |
Volltext (Frontdoor-Url) Volltext (kostenfrei) Volltext (kostenfrei) |
| Parallel Edition: | Non-electronic
|
MARC
| LEADER | 00000cas a2200000 c 4500 | ||
|---|---|---|---|
| 001 | 516201069 | ||
| 003 | DE-627 | ||
| 005 | 20250201154147.0 | ||
| 007 | cr ||||||||||| | ||
| 008 | 060816d18511860xx z| p|o 0 |0ger c | ||
| 016 | 7 | |a 980804922 |2 DE-101 | |
| 016 | 7 | |a 2246481-5 |2 DE-600 | |
| 035 | |a (DE-627)516201069 | ||
| 035 | |a (DE-576)281317151 | ||
| 035 | |a (DE-599)ZDB2246481-5 | ||
| 035 | |a (OCoLC)1368801080 | ||
| 040 | |a DE-627 |b ger |c DE-627 |e rakwb | ||
| 041 | |a ger | ||
| 044 | |c XA-DXDE | ||
| 082 | 0 | 4 | |a 050 |a 290 |q DE-600 |
| 084 | |a 0 |2 ssgn | ||
| 084 | |a JUDAICA |q DE-30 |2 fid | ||
| 084 | |a BD 1680 |q SEPA |2 rvk |0 (DE-625)rvk/9852: | ||
| 084 | |a 11.20 |2 bkl | ||
| 245 | 0 | 4 | |a Der israelitische Volkslehrer |b eine Monatsschrift erbaulichen und belehrenden Inhalts |
| 264 | 3 | 1 | |a Frankfurt, M. |b Auffahrt |c 1851-1860 |
| 300 | |a Online-Ressource | ||
| 336 | |a Text |b txt |2 rdacontent | ||
| 337 | |a Computermedien |b c |2 rdamedia | ||
| 338 | |a Online-Ressource |b cr |2 rdacarrier | ||
| 362 | 0 | |a 1.1851 - 10.1860 nachgewiesen | |
| 363 | 0 | 0 | |a 1 |i 1851 |
| 363 | 1 | 0 | |i 1860 |a 10 |
| 500 | |a Zusatz wechselt | ||
| 500 | |a Gesehen am 09.08.06 | ||
| 530 | |a Digital. Ausg.: Aachen : RWTH. (Compact memory) | ||
| 533 | |a Reproduktion |b Aachen |c RWTH |f Compact memory |n Digital. Ausg.: Aachen : RWTH. (Compact memory) | ||
| 601 | |a Israeliten | ||
| 655 | 7 | |a Zeitschrift |0 (DE-588)4067488-5 |0 (DE-627)10454466X |0 (DE-576)20917000X |2 gnd-content | |
| 776 | 0 | 8 | |i Elektronische Reproduktion von |t Der israelitische Volkslehrer |d Frankfurt, M. : Schmerber'sche Buchhandlung (Nachfolger H. Keller), 1851 |w (DE-627)169430278 |w (DE-600)984886-1 |w (DE-576)016292448 |k Non-Electronic |
| 856 | 4 | 0 | |u http://sammlungen.ub.uni-frankfurt.de/cm/id/3129675 |x Langzeitarchivierung |z kostenfrei |7 0 |
| 856 | 4 | 0 | |u http://www.compactmemory.de/ |x Digitalisierung |z kostenfrei |7 0 |
| 856 | 4 | 0 | |u https://ezb.ur.de/?2246481-5 |x Frontdoor-Url |7 1 |
| 912 | |a ZDB-56-COM | ||
| 935 | |a mteo | ||
| 935 | |h SWB |i ld | ||
| 936 | r | v | |a BD 1680 |b Reihen, Serien |k Theologie und Religionswissenschaften |k Judaistik |k Allgemeines |k Sammelwerke zum Gesamtgebiet der Judaistik |k Reihen, Serien |0 (DE-627)127071452X |0 (DE-625)rvk/9852: |0 (DE-576)20071452X |
| 936 | b | k | |a 11.20 |j Judentum: Allgemeines |x Religionswissenschaft |0 (DE-627)106419838 |
| 951 | |a JT | ||
| ELC | |a 1 | ||
| OAS | |a 1 | ||
| ORI | |a SA-MARC-ixtheo_oa001.raw | ||
| REL | |a 1 | ||
| SUB | |a REL | ||



